000
00240nam a2200097 4500
003
SGT
245
_a
THE JOURNAL OF LAW, MEDICINE & ETHICS
260
_a
USA
_b
AMERICAN SOCIETY OF LAW, MEDICINE & ETHICS
310
_a
QUARTERLY
942
_2
ddc
_c
LJ
999
_c
7667
_d
7667